Guess the Movie - Minimalistic Pictures #4 - Statistics

General Stats
  • This quiz has been taken 137 times
    120 since last reset
  • The average score is 13 of 20
Answer Stats
Picture Hint Answer % Correct
1950 Cinderella
97%
1994 Forrest Gump
96%
1992 Aladdin
94%
2005 Fantastic Four
93%
1953 Peter Pan
92%
2010 Megamind
87%
2012 The Avengers
87%
2016 Finding Dory
86%
1993 The Nightmare Before Christmas
80%
1955 Lady and the Tramp
79%
2005 Chicken Little
76%
2012 Life of Pi
76%
2009 Avatar
73%
2010 Tangled
61%
2009 Star Trek
47%
2019 Ford v Ferrari
32%
2011 In Time
24%
2012 Dark Shadows
20%
1992 Reservoir Dogs
19%
2014 Neighbors
12%
No matching quizzes found
Score Distribution
Percent of People with Each Score
Percentile by Number Answered
Your Score History
You have not taken this quiz since the last reset